[Event "AUTO-OPEN-1846"]
[Site "http://www.queenalice.com/game.php?id=718058"]
[Date "2010.1.21"]
[Round "1"]
[White "marcelotorres"]
[Black "rodriguesr"]
[Result "1/2-1/2"]
[WhiteElo "1921"]
[BlackElo "2031"]

1. e3 d5 2. h3 e5 3. Nf3 Nc6 4. Bb5 Bd6 5. Bxc6+ bxc6 6. Nc3 Ba6 7. d3 Nf6 8.
O-O O-O 9. Re1 Rb8 10. d4 e4 11. Ne5 Bxe5 12. dxe5 Nd7 13. b3 Nxe5 14. Bb2 f6
15. Na4 Qe7 16. Bd4 Bb5 17. Nc5 Nd7 18. Nxd7 Qxd7 19. Bxa7 Ra8 20. Bc5 Rfe8 21.
a4 Ba6 22. b4 Bc4 23. a5 Reb8 24. c3 Bd3 25. f3 Re8 1/2-1/2

[Event "AUTO-OPEN-1846"]
[Site "http://www.queenalice.com/game.php?id=718059"]
[Date "2010.1.21"]
[Round "1"]
[White "rodriguesr"]
[Black "marcelotorres"]
[Result "1-0"]
[WhiteElo "2087"]
[BlackElo "1940"]

1. d4 e6 2. c4 d5 3. Nc3 dxc4 4. e4 Bb4 5. Bxc4 Nc6 6. Nf3 a6 7. O-O b5 8. Bb3
Nge7 9. Bg5 O-O 10. Rc1 h6 11. Bh4 Qe8 12. a3 Bd6 13. e5 Bxa3 14. bxa3 b4 15.
Ne4 bxa3 16. Bxe7 Qxe7 17. Rxc6 Qd7 18. Qc2 Ra7 19. Rc1 a5 20. Rxc7 Rxc7 21.
Qxc7 a4 22. Ba2 Qb5 23. Qc4 Qb2 24. Rb1 Qxb1+ 25. Bxb1 Bd7 26. Nc5 Rc8 27. Nd2
Rb8 28. Nxd7 Rd8 29. Qxa4 g6 30. Ne4 Rc8 31. Qxa3 Rc7 32. Qf8+ 1-0

[Event "AUTO-OPEN-1846"]
[Site "http://www.queenalice.com/game.php?id=718060"]
[Date "2010.1.21"]
[Round "1"]
[White "marcelotorres"]
[Black "boydelta"]
[Result "0-1"]
[WhiteElo "1927"]
[BlackElo "2309"]

1. e3 e5 2. a3 d5 3. h3 c5 4. Bb5+ Nd7 5. Qf3 Nf6 6. Ne2 Bd6 7. Nbc3 d4 8. Ne4
Nxe4 9. Qxe4 O-O 10. Bd3 g6 11. b4 Nf6 12. Qh4 b6 13. Be4 Nxe4 14. Qxe4 Bf5 15.
Qd5 Be6 16. Qf3 f5 17. b5 e4 18. Nxd4 exf3 19. Nxe6 fxg2 20. Rg1 Qf6 21. Nxf8
Qxa1 22. Kd1 Rxf8 23. Ke2 f4 24. c3 f3+ 25. Kd3 Qa2 26. e4 Bf4 27. e5 Bh2 0-1

[Event "AUTO-OPEN-1846"]
[Site "http://www.queenalice.com/game.php?id=718061"]
[Date "2010.1.21"]
[Round "1"]
[White "boydelta"]
[Black "marcelotorres"]
[Result "1-0"]
[WhiteElo "2294"]
[BlackElo "1923"]

1. d4 d5 2. Nf3 h6 3. e3 e6 4. Bd3 Nf6 5. O-O Bd6 6. c4 Ng4 7. h3 Nf6 8. Nc3
dxc4 9. Bxc4 a6 10. e4 b5 11. Bd3 Nh5 12. e5 Bb4 13. Be4 c6 14. g4 Nf6 15. exf6
Qxf6 16. g5 hxg5 17. Bxg5 Qxg5+ 18. Nxg5 f6 19. Bg6+ Ke7 20. Nge4 f5 21. Nc5 Kf6
22. Bh5 g6 23. Bf3 Rxh3 24. Qe2 a5 25. Kg2 Rh4 26. Qe5+ Kf7 27. Rh1 Nd7 28.
Qxe6+ 1-0

[Event "AUTO-ADV-1637"]
[Site "http://www.queenalice.com/game.php?id=724621"]
[Date "2010.2.2"]
[Round "1"]
[White "Markus1234567"]
[Black "marcelotorres"]
[Result "0-1"]
[WhiteElo "1978"]
[BlackElo "1910"]

1. e4 e5 2. Nf3 d6 3. Bc4 Nf6 4. d3 a6 5. Ng5 Be6 6. Nxe6 fxe6 7. Bxe6 Qe7 8.
Bb3 Nc6 9. Bg5 h6 10. Bh4 g5 11. Bg3 Nd4 12. Nc3 Nxb3 13. axb3 h5 14. h4 g4 15.
f3 Bh6 16. Nd5 Nxd5 17. exd5 Rg8 18. O-O Be3+ 19. Kh2 Bf4 20. fxg4 Rxg4 21. Rxf4
exf4 22. Bf2 O-O-O 23. Qf3 Rdg8 24. Rg1 Rg3 25. Qxh5 R3g4 26. c4 Qe2 27. Re1
Rxg2+ 28. Kh1 Qxh5 29. Re2 Qxe2 30. c5 Qf1+ 31. Bg1 Qxg1# 0-1

[Event "AUTO-ADV-1637"]
[Site "http://www.queenalice.com/game.php?id=724622"]
[Date "2010.2.2"]
[Round "1"]
[White "marcelotorres"]
[Black "Markus1234567"]
[Result "1/2-1/2"]
[WhiteElo "1943"]
[BlackElo "1991"]

1. e4 e5 2. d3 Bc5 3. Nf3 d6 4. a3 Nf6 5. h3 Nc6 6. Nc3 O-O 7. b4 Bd4 8. Nxd4
Nxd4 9. Be3 a5 10. b5 a4 11. Rb1 b6 12. Rb4 Bd7 13. Bxd4 exd4 14. Nxa4 Bxb5 15.
Nxb6 cxb6 16. Rxb5 Rxa3 17. Be2 d5 18. e5 Ne8 19. O-O Ra5 20. Rb4 Qc7 21. f4 Qc5
22. Qd2 Nc7 23. Rfb1 Rb8 24. f5 b5 25. f6 g6 26. Bd1 Ne6 27. Bg4 Ra2 28. Bxe6
fxe6 29. Qh6 Qf8 30. Qxf8+ Rxf8 31. Rxb5 Rxc2 32. Rb8 Rd2 33. Rxf8+ Kxf8 34. Rb3
g5 35. Kf1 h5 36. Rb8+ Kf7 37. Rb3 g4 38. Rb7+ Kf8 39. hxg4 hxg4 40. Rg7 1/2-1/2

[Event "AUTO-ADV-1637"]
[Site "http://www.queenalice.com/game.php?id=724633"]
[Date "2010.2.2"]
[Round "1"]
[White "palaciorep"]
[Black "marcelotorres"]
[Result "0-1"]
[WhiteElo "1858"]
[BlackElo "1934"]

1. e4 e5 2. Nf3 d6 3. h3 Nf6 4. Nc3 a6 5. d3 Nc6 6. Bg5 Be7 7. Bxf6 Bxf6 8. Nd5
O-O 9. c3 Be6 10. Nxf6+ Qxf6 11. Nh2 b5 12. b4 d5 13. exd5 Bxd5 14. Ng4 Qe6 15.
Ne3 Rfd8 16. Qc2 e4 17. Nxd5 exd3+ 18. Qe2 dxe2 19. Ne3 Qd6 20. Bxe2 Qd2+ 21.
Kf1 Qxc3 22. Rb1 Nxb4 23. g3 Nxa2 24. Kg2 Rd2 25. Rhe1 Qf6 26. Bf3 Ra7 27. Ng4
Qd8 28. Re3 g6 29. Rbe1 Kg7 30. Re8 Qd6 31. Rc8 h5 32. Ne3 Qc5 33. g4 c6 34.
Rxc6 Qg5 35. Nf1 hxg4 36. hxg4 Rd3 37. Ne3 Rd8 38. Rh1 Rh8 39. Rxh8 Kxh8 40. Nd5
f5 41. Rc8+ Kg7 42. Rc7+ Rxc7 43. Nxc7 Qd2 44. gxf5 gxf5 45. Ne6+ Kf6 46. Nc5
Qg5+ 47. Kh3 Nc3 48. Nxa6 Ne4 49. Bxe4 fxe4 50. Nb4 Qc5 51. Na6 Qxf2 52. Nc7
Qf5+ 53. Kg2 e3 54. Ne8+ Ke5 55. Nc7 b4 56. Na6 b3 57. Nb4 e2 58. Nc6+ Ke4 59.
Ne7 Qg5+ 60. Kf2 Qxe7 61. Kxe2 b2 62. Kd2 b1=Q 63. Kc3 Qeb4# 0-1

[Event "AUTO-ADV-1637"]
[Site "http://www.queenalice.com/game.php?id=724634"]
[Date "2010.2.2"]
[Round "1"]
[White "marcelotorres"]
[Black "palaciorep"]
[Result "0-1"]
[WhiteElo "1955"]
[BlackElo "1837"]

1. e3 d5 2. d4 a6 3. Nc3 Nf6 4. Nf3 Bg4 5. Be2 Bxf3 6. Bxf3 e6 7. O-O Nc6 8. a3
Na7 9. e4 dxe4 10. Bxe4 Nxe4 11. Nxe4 Nb5 12. c3 h6 13. a4 Nd6 14. Re1 Nxe4 15.
Rxe4 Bd6 16. d5 e5 17. b4 O-O 18. a5 f5 19. Rc4 f4 20. Qg4 Qe8 21. Re4 Rf6 22.
Ba3 Rg6 23. Qh5 Rxg2+ 24. Kxg2 Qxh5 25. f3 Rf8 26. c4 Rf5 27. Rh1 Rg5+ 28. Kf2
Qh4+ 29. Ke2 Rg2+ 30. Kd3 Qf2 31. c5 Qc2# 0-1

[Event "AUTO-ADV-1718"]
[Site "http://www.queenalice.com/game.php?id=757154"]
[Date "2010.4.6"]
[Round "1"]
[White "kasparosaure"]
[Black "marcelotorres"]
[Result "1-0"]
[WhiteElo "2028"]
[BlackElo "1947"]

1. d4 e6 2. e4 d5 3. Nc3 Bb4 4. e5 Bxc3+ 5. bxc3 Ne7 6. Bd3 g6 7. Bg5 O-O 8. Qf3
Qe8 9. Bh6 Qc6 10. Qf6 Qxc3+ 11. Ke2 Qxd3+ 12. cxd3 Nf5 13. Bxf8 Nc6 14. Nf3
Kxf8 15. Ng5 Ncxd4+ 16. Kd2 Ke8 17. Qxf7+ Kd8 18. Rac1 c6 19. Qg8+ Kd7 20. Qxh7+
Ne7 21. Qf7 Kd8 22. Qf8+ Kd7 23. Nf7 Kc7 24. Qd8+ Kb8 25. Qd6# 1-0

[Event "AUTO-ADV-1718"]
[Site "http://www.queenalice.com/game.php?id=757155"]
[Date "2010.4.6"]
[Round "1"]
[White "marcelotorres"]
[Black "kasparosaure"]
[Result "1-0"]
[WhiteElo "1934"]
[BlackElo "1987"]

1. d4 Nf6 2. e3 d6 3. Nc3 g6 4. h3 Bg7 5. Nf3 O-O 6. Bd3 Nbd7 7. O-O c5 8. d5 a6
9. e4 b5 10. a3 c4 11. Be2 Nc5 12. Nd4 Bb7 13. Bf3 Qb6 14. Be3 Nfd7 15. b4 cxb3
16. cxb3 Rfc8 17. b4 Na4 18. Nxa4 bxa4 19. Qxa4 Bxd4 20. Bxd4 Qd8 21. Bg4 Rc7
22. Rac1 Rac8 23. Rxc7 Rxc7 24. Re1 h5 25. Be2 Qc8 26. Be3 Ne5 27. f4 Nc4 28.
Bd4 e6 29. b5 axb5 30. Qxb5 Nxa3 31. Qa5 Nc2 32. Rc1 Nxd4 33. Rxc7 Nxe2+ 34. Kf2
Qb8 35. Kxe2 Ba6+ 36. Kf2 Qb2+ 37. Kg3 Qb3+ 38. Rc3 Qb7 39. Qd8+ Kg7 40. Qxd6
exd5 41. Qxd5 Qb4 42. Re3 Bb7 43. Qe5+ Kh7 44. Kf3 Qb1 45. Qe7 Qf1+ 46. Kg3 Qc1
47. Qxf7+ Kh8 48. Rb3 Qe1+ 49. Kh2 Qxe4 50. Rxb7 Qxf4+ 51. Qxf4 g5 52. Qf8# 1-0

[Event "AUTO-ADV-1718"]
[Site "http://www.queenalice.com/game.php?id=757168"]
[Date "2010.4.6"]
[Round "1"]
[White "marcelotorres"]
[Black "Kavorka"]
[Result "1-0"]
[WhiteElo "1920"]
[BlackElo "1866"]

1. e4 e5 2. d3 Nc6 3. Nf3 d6 4. Be2 h6 5. O-O Bg4 6. g3 Bh3 7. Re1 Nf6 8. Bf1
Bg4 9. Be2 Bxf3 10. Bxf3 Nd4 11. Nc3 Nxf3+ 12. Qxf3 Qd7 13. a4 Qg4 14. Qxg4 Nxg4
15. Nd5 O-O-O 16. a5 c6 17. Ne3 h5 18. a6 b5 19. b4 g6 20. Kg2 Nxe3+ 21. Bxe3
Kb8 22. Red1 Be7 23. d4 exd4 24. Bxd4 Rhe8 25. e5 d5 26. c3 Rc8 27. h4 c5 28.
bxc5 Bxc5 29. Ra5 Bxd4 30. cxd4 Ka8 31. Rxb5 Re6 32. Rxd5 Rxa6 33. Rd7 Rf8 34.
d5 Rb6 35. d6 a5 36. Rc7 Kb8 37. Re7 Ka8 38. d7 Rbb8 39. Ra1 Rfd8 40. Rxa5+ Kb7
41. Rxf7 Kb6 42. Ra3 Kc5 43. e6 Kd6 44. Re3 Rg8 45. e7 Kxd7 46. e8=Q+ Kd6 47.
Qe6+ Kc5 48. Rc7+ 1-0

[Event "AUTO-ADV-1718"]
[Site "http://www.queenalice.com/game.php?id=757169"]
[Date "2010.4.6"]
[Round "1"]
[White "Kavorka"]
[Black "marcelotorres"]
[Result "1-0"]
[WhiteElo "1825"]
[BlackElo "1941"]

1. e4 e5 2. Nf3 d6 3. Bc4 h6 4. b4 Nf6 5. Nc3 a6 6. h3 Nc6 7. Nd5 Nxd5 8. exd5
Nxb4 9. a3 b5 10. Bb3 Qf6 11. Bb2 Qf4 12. axb4 Qxb4 13. O-O Bb7 14. Ba3 Qe4 15.
d3 Qf5 16. Qe2 O-O-O 17. Qe4 Qd7 18. c4 f5 19. Qh4 g5 20. Qh5 Bg7 21. Ra2 g4 22.
hxg4 fxg4 23. Nd2 c5 24. Ne4 b4 25. Bb2 Rdf8 26. Ba4 Qd8 27. Qxg4+ Kc7 28. Qxg7+
Kb8 29. Nxd6 Qc7 30. Qxc7+ Kxc7 31. Bxe5 Rh7 32. Nxb7+ Kxb7 33. Bc6+ Kb6 34. f4
h5 35. d4 h4 36. Bd6 Rg8 37. Bxc5+ Kc7 38. Rxa6 Rgg7 39. d6+ Kd8 40. Ra8# 1-0

[Event "AUTO-ADV-1718"]
[Site "http://www.queenalice.com/game.php?id=757170"]
[Date "2010.4.6"]
[Round "1"]
[White "marcelotorres"]
[Black "acm_chessmaster"]
[Result "1/2-1/2"]
[WhiteElo "1934"]
[BlackElo "1835"]

1. d4 d5 2. e3 Nc6 3. Bb5 Bd7 4. Nf3 a6 5. Bxc6 Bxc6 6. O-O e6 7. Nc3 Nf6 8. Ne5
Bd7 9. Qf3 Bd6 10. g3 Bxe5 11. dxe5 Ng8 12. b3 Qg5 13. e4 Qxe5 14. exd5 Qf6 15.
Qxf6 Nxf6 16. dxe6 Bxe6 17. Bg5 Nd5 18. Nxd5 Bxd5 19. Rfe1+ Be6 20. Bf4 O-O-O
21. c4 Rhe8 22. c5 c6 23. Bd6 Rd7 24. Rad1 Kd8 25. Re3 Bg4 26. Rxe8+ Kxe8 27.
Re1+ Kd8 28. Kg2 Be6 29. Re4 g6 30. h4 Bf5 31. Re3 Bb1 32. a3 f5 33. b4 Be4+ 34.
f3 Bd5 35. Kf2 Rf7 36. f4 Kd7 37. Re5 h5 38. Ke3 Be6 39. a4 Bb3 40. a5 Bd5 41.
Kd4 Be6 42. Re3 Bd5 43. Re5 Be6 44. Re3 Rh7 1/2-1/2

[Event "AUTO-ADV-1718"]
[Site "http://www.queenalice.com/game.php?id=757171"]
[Date "2010.4.6"]
[Round "1"]
[White "acm_chessmaster"]
[Black "marcelotorres"]
[Result "0-1"]
[WhiteElo "1807"]
[BlackElo "1930"]

1. e4 e5 2. Nf3 d6 3. Bc4 h6 4. Nc3 a6 5. O-O Nc6 6. d3 Nf6 7. Nd5 b5 8. Nxf6+
Qxf6 9. Bd5 Bd7 10. Bd2 O-O-O 11. Be3 Nd4 12. Nxd4 exd4 13. Bc1 c6 14. Bb3 Be6
15. Bxe6+ Qxe6 16. Qd2 d5 17. Re1 dxe4 18. Rxe4 Qd5 19. Qa5 Kb7 20. c4 Qd6 21.
Bf4 Qd7 22. b4 Bd6 23. Bxd6 Qxd6 24. c5 Qc7 25. Qxc7+ Kxc7 26. Re7+ Rd7 27. Rae1
Kd8 28. Rxd7+ Kxd7 29. g4 Re8 30. Rxe8 Kxe8 31. f4 Ke7 32. f5 Kf6 33. h3 Kg5 34.
Kf2 Kf4 35. a3 f6 36. Kg2 Ke3 37. Kg3 Kxd3 38. Kf4 Kc4 39. Ke4 d3 40. Ke3 Kc3
41. h4 d2 42. Ke2 Kc2 43. Ke3 d1=Q 44. g5 hxg5 45. hxg5 fxg5 46. Ke4 Qd5+ 47.
Ke3 Qxf5 48. a4 bxa4 49. b5 axb5 50. Ke2 a3 51. Ke3 a2 52. Kd4 a1=Q+ 53. Ke3
Qae5# 0-1

[Event "Challenge"]
[Site "http://www.queenalice.com/game.php?id=786626"]
[Date "2010.6.6"]
[Round "-"]
[White "jorm"]
[Black "marcelotorres"]
[Result "0-1"]
[WhiteElo "1871"]
[BlackElo "1947"]

1. e4 e5 2. Nc3 d6 3. Bc4 Nf6 4. h3 a6 5. d3 b5 6. Bd5 Nxd5 7. Nxd5 Be6 8. Nf3
Bxd5 9. exd5 Be7 10. a3 Bf6 11. c4 Qe7 12. b3 e4 13. Ng1 Bxa1 14. dxe4 Qxe4+ 15.
Kf1 O-O 16. Nf3 bxc4 17. Be3 Qd3+ 18. Qxd3 cxd3 19. Bd2 Nd7 20. Ne1 Nc5 21. b4
Nb3 22. Nf3 Rfe8 23. Be3 Bc3 24. g3 d2 0-1

[Event "AUTO-ADV-1637"]
[Site "http://www.queenalice.com/game.php?id=792828"]
[Date "2010.6.20"]
[Round "2"]
[White "AG1"]
[Black "marcelotorres"]
[Result "1-0"]
[WhiteElo "1796"]
[BlackElo "1956"]

1. e4 e5 2. Nf3 d6 3. Bb5+ Bd7 4. Bxd7+ Qxd7 5. O-O Be7 6. d3 h6 7. Nc3 Nf6 8.
d4 exd4 9. Nxd4 O-O 10. Nf5 Nxe4 11. Qg4 Ng5 12. Nd5 Bd8 13. h4 Qe6 14. Bxg5
hxg5 15. Nxc7 Bxc7 16. Rae1 Qxa2 17. Ne7+ Kh7 18. Qh5# 1-0

[Event "AUTO-ADV-1637"]
[Site "http://www.queenalice.com/game.php?id=792829"]
[Date "2010.6.20"]
[Round "2"]
[White "marcelotorres"]
[Black "AG1"]
[Result "0-1"]
[WhiteElo "1934"]
[BlackElo "1818"]

1. e3 e5 2. d4 exd4 3. Qxd4 Nc6 4. Qf4 d5 5. Bd3 Bd6 6. Qf3 Nf6 7. h3 Ne5 8. Qe2
Nxd3+ 9. Qxd3 O-O 10. Nf3 Ne4 11. Qxd5 Bb4+ 12. Bd2 Qxd5 13. Bxb4 Rd8 14. O-O a5
15. Nc3 Nxc3 16. Bxc3 Bxh3 17. Rfd1 Qh5 18. Rd4 Rxd4 19. Bxd4 Bxg2 20. Kxg2 Qg4+
21. Kf1 Qxf3 22. c4 Qh1+ 0-1

[Event "AUTO-ADV-1637"]
[Site "http://www.queenalice.com/game.php?id=792831"]
[Date "2010.6.20"]
[Round "2"]
[White "marcelotorres"]
[Black "Dyggo"]
[Result "0-1"]
[WhiteElo "1960"]
[BlackElo "2260"]

1. e3 e5 2. d4 exd4 3. exd4 d5 4. h3 Nf6 5. Bd3 c5 6. Qe2+ Be7 7. Nf3 c4 8. Bxc4
dxc4 9. O-O Be6 10. Nc3 O-O 11. Rd1 Re8 12. Ne5 Nc6 13. Nxc6 bxc6 14. a3 Rb8 15.
Ne4 Nxe4 16. Qxe4 Bd6 17. Qxc6 Bd5 18. Qa4 Qh4 19. Qxa7 Qe4 20. f3 Qh4 21. Qd7
Re1+ 0-1